000 00317nam a2200133Ia 4500
008 191201s2008 xx 000 0 und d
082 _a621.3192
_bMID
100 _aMITRA, Sanjit K
245 0 _aDigital Signal Processing
260 _aN.Delhi
_bTMH
_c2008
300 _a916
650 _aB.Tech(ECE)
942 _2ddc
_cBK
999 _c3896
_d3896